banner koha

Chuvas intensas de marco de 1981 na regiao nordeste do Brasil (Registro n. 334628)

MARC details
000 -LÍDER
campo de controle de tamanho fixo 00875naa a22002777a 4500
001 - NÚMERO DE CONTROLE
campo de controle BR8305829
003 - IDENTIFICADOR DO NÚMERO DE CONTROLE
campo de controle BR-BrBNA
005 - DATA E HORÁRIO DA ÚLTIMA TRANSAÇÃO
campo de controle 20250721154422.0
007 - CAMPO FIXO DE DESCRIÇÃO FÍSICA--INFORMAÇÃO GERAL
campo de controle de tamanho fixo ta
008 - CAMPO DE DADOS FIXOS--INFORMAÇÃO GERAL
campo de controle de tamanho fixo 250630b bl.|||m| |||| 00| 0 por d
040 ## - FONTE DA CATALOGAÇÃO
Instituição da catalogação original BR-BrBNA
Idioma da catalogação por
Instituição que transcreveu o registro Biblioteca Nacional de Agricultura
041 ## - CÓDIGO DE IDIOMA
Código do idioma do texto/trilha sonora ou título diferente (Pt)
072 ## - CÓDIGO DE CATEGORIA DE ASSUNTO
Código de Categoria de Assunto P40
Código do objeto /G514
090 ## - NÚMERO DE CHAMADA LOCAL
Número de chamada P40 BR8305829
100 1# - ENTRADA PRINCIPAL--NOME PESSOAL
Nome pessoal Alcantara, F. de
100 1# - ENTRADA PRINCIPAL--NOME PESSOAL
Nome pessoal Valenca, A. de S.
100 1# - ENTRADA PRINCIPAL--NOME PESSOAL
Nome pessoal Vieira, I.A.
245 1# - TÍTULO
Título Chuvas intensas de marco de 1981 na regiao nordeste do Brasil
490 ## - TÍTULO DA SÉRIE
Título da série Boletim Tecnico - Instituto Nacional de Meteorologia (Brazil)
Número do volume ou designação sequencial da série no. 28
500 ## - NOTA GERAL
Nota geral Boletim Tecnico 28<br/>Brasilia, DF (Brasil): 1983. p. 1-66 [Summaries (En, Pt); 24 illus.]<br/>(BR8305829-AMS)<br/>
650 ## - ASSUNTO--TERMO TÓPICO
Cabeçalho tópico ou nome geográfico CHUVA
650 ## - ASSUNTO--TERMO TÓPICO
Cabeçalho tópico ou nome geográfico CLIMATOLOGIA
650 ## - ASSUNTO--TERMO TÓPICO
Cabeçalho tópico ou nome geográfico REGIAO NORDESTE
942 ## - ELEMENTOS DE ENTRADA ADICIONADOS (KOHA)
Tipo de material Koha Analítica de Monografia Seriada
Fonte da classificação ou esquema de arquivamento na estante Classificação AGRIS
909 ## -
-- 202506
-- Lúcia
-- 55
-- Lúcia Elande
Exemplares
Situação do descarte Fonte da classificação ou esquema de arquivamento na estante Situação física Não pode ser emprestado Coleção Biblioteca de origem Biblioteca atual Total de empréstimos Data de último acesso Número do exemplar Tipo de material Koha Situação das perdas Data de aquisição Fonte de aquisição
  Classificação AGRIS       Biblioteca Nacional de Agricultura - Binagri Biblioteca Nacional de Agricultura - Binagri   30/06/2025 01 Analítica de Monografia Seriada   2025-06-30 Portaria Interministerial nº 164/94

BINAGRI

Telefone: (61)3218-2567/2388/3357/2097 - binagri@agro.gov.br

Ministério da Agricultura e Pecuária , Esplanada dos Ministérios, Bloco D, Anexo B, Brasília/DF, CEP: 70.043-900